| 000 | 00766nas a2200253Ia 4500 | ||
|---|---|---|---|
| 001 | R109/44547 | ||
| 003 | IT-RoPAU | ||
| 008 | 151124c99999999xx |||||||||||| ||und|| | ||
| 040 | _aIT-RoPAU | ||
| 040 | _cIT-RoPAU | ||
| 041 | _aFRANCESE | ||
| 100 |
_aEco Umberto _gCodice Aut. SPICS: 7017 |
||
| 210 | _aCOMMUNICATIONS | ||
| 222 | _aCommunications | ||
| 245 |
_aCOMMUNICATIONS, N.06 (1965) _bChanson De Consommation (La) |
||
| 250 | _a1a ed. | ||
| 260 |
_aPARIS _bSEUIL _c1965 |
||
| 501 |
_bPaulus - SPICS - Società San Paolo EM (non-commercial uses only) _cCopyright2015 |
||
| 300 | _a14 p. [20-33] | ||
| 362 | _aN.06 (1965) | ||
| 500 | _aCanzone-Di-Consumo Mito-Di-Una-Generazione | ||
| 650 |
_aCOMUNICAZIONE _vPUBBLICAZIONE PERIODICA |
||
| 942 | _cCR | ||
| 999 |
_c192517 _d192517 |
||